Yêu đương chuyện của muôn đời.

Những hiểu biết và tâm lý ứng xử trong tình yêu đôi lứa; Những câu chuyện lời tâm sự của các nhà nghiên cứu; Các nhà tâm lý; Các chuyên gia nghiên cứu y sinh học gửi tới những nhà đang yêu.

Saved in:
Bibliographic Details
Format: Book
Language:Vietnamese
Published: Tp.HCM : Thanh niên, 1999.
Subjects:
Tags: Add Tag
No Tags, Be the first to tag this record!
Institutions: Mạng thư viện Đại học Đà Nẵng
LEADER 01051cam a2200337 i 4500
001 000042726
003 601
005 20041027145042.0
008 010217b1999 vm 000 vie
020 |c 97500 
022 |a T1-4.6.7 
040 |a IRC  |c IRC  |d IRC 
041 0 |a vie 
082 1 4 |a 152.41  |b Yê-Đ 
245 0 0 |a Yêu đương chuyện của muôn đời. 
260 |a Tp.HCM :  |b Thanh niên,  |c 1999. 
300 |a 971 tr. ;  |c 19 cm. 
520 3 |a Những hiểu biết và tâm lý ứng xử trong tình yêu đôi lứa; Những câu chuyện lời tâm sự của các nhà nghiên cứu; Các nhà tâm lý; Các chuyên gia nghiên cứu y sinh học gửi tới những nhà đang yêu. 
630 0 4 |a Tâm lý học. 
630 0 4 |a Yêu đương. 
650 0 4 |a Tình cảm  |x Tâm lý học. 
OWN |a DUT 
999 |a From the UDN01 
TYP |a Monograph 
TYP |a Printed language 
980 |a Mạng thư viện Đại học Đà Nẵng